Supply hike to hit prices (Record no. 69402)
[ view plain ]
| 000 -LEADER | |
|---|---|
| fixed length control field | 00997cam a2200217 4500 |
| 001 - CONTROL NUMBER | |
| control field | WB3804-26 |
| 008 - FIXED-LENGTH DATA ELEMENTS--GENERAL INFORMATION | |
| fixed length control field | 020130n2002 000 0 eng u |
| 035 ## - SYSTEM CONTROL NUMBER | |
| System control number | (Sirsi) u116547 |
| 245 ## - TITLE STATEMENT | |
| Title | Supply hike to hit prices |
| 260 ## - PUBLICATION, DISTRIBUTION, ETC. | |
| Date of publication, distribution, etc. | 2002 |
| 490 ## - SERIES STATEMENT | |
| Series statement | Estates Gazette |
| Volume/sequential designation | (0204) 26 January 2002, 62(1) |
| 520 ## - SUMMARY, ETC. | |
| Summary, etc. | "Farmland Review 2002" recently published by Strutt & Parker shows that farmland prices will come under greater pressure as more land comes up for sale. Despite the foot and mouth crisis and several years of falling income, farmland has held its value largely due to good residential demand from non-farming investors and the decrease in the amount of land coming to market because of foot and mouth. |
| 590 ## - LOCAL NOTE (RLIN) | |
| Local note | WB |
| 650 ## - SUBJECT ADDED ENTRY--TOPICAL TERM | |
| Topical term or geographic name entry element | FARMLAND PRICES |
| 650 ## - SUBJECT ADDED ENTRY--TOPICAL TERM | |
| Topical term or geographic name entry element | INVESTORS |
| 650 ## - SUBJECT ADDED ENTRY--TOPICAL TERM | |
| Topical term or geographic name entry element | FOOT-AND-MOUTH DISEASE |
| 650 ## - SUBJECT ADDED ENTRY--TOPICAL TERM | |
| Topical term or geographic name entry element | LAND PRICES |
| 650 ## - SUBJECT ADDED ENTRY--TOPICAL TERM | |
| Topical term or geographic name entry element | PROPERTY-RURAL AND NATURAL ASSETS-AGRICULTURAL PROPERTY-AGRICULTURAL LAND-ARABLE LAND |
| 690 ## - LOCAL SUBJECT ADDED ENTRY--TOPICAL TERM (OCLC, RLIN) | |
| Topical term or geographic name as entry element | Rural |
| 9 (RLIN) | 6268 |
| 942 ## - ADDED ENTRY ELEMENTS (KOHA) | |
| Suppress in OPAC | 0 |
| Withdrawn status | Lost status | Source of classification or shelving scheme | Damaged status | Not for loan | Home library | Current library | Shelving location | Date acquired | Total Checkouts | Full call number | Barcode | Date last seen | Copy number | Price effective from | Koha item type |
|---|---|---|---|---|---|---|---|---|---|---|---|---|---|---|---|
| Dewey Decimal Classification | London | London | News article | 30/01/2002 | WB3804-26 | 116547-1001 | 06/08/2019 | 1 | 06/08/2019 | News article |